000 01175nam a22001457a 4500
999 _c515468
_d515468
008 210129b ||||| |||| 00| 0 eng d
100 _aCowgill, B., Dell’Acqua, F. and Matz, S.
_923963
245 _aThe managerial effects of algorithmic fairness activism
260 _aAEA Papers and Proceedings
300 _a110, May, 2020: p.85-90
520 _aHow do ethical arguments affect AI adoption in business? We randomly expose business decision-makers to arguments used in AI fairness activism. Arguments emphasizing the inescapability of algorithmic bias lead managers to abandon AI for manual review by humans and report greater expectations about lawsuits and negative PR. These effects persist even when AI lowers gender and racial disparities and when engineering investments to address AI fairness are feasible. Emphasis on status quo comparisons yields opposite effects. We also measure the effects of "scientific veneer" in AI ethics arguments. Scientific veneer changes managerial behavior but does not asymmetrically benefit favorable (versus critical) AI activism.
773 _aAEA Papers and Proceedings
906 _aINFORMATION TECHNOLOGY
942 _cAR